A RELATION OF WEAK MAJORIZATION AND ITS APPLICATIONS TO CERTAIN INEQUALITIES FOR MEANS

Podrobná bibliografia
Hlavní autori: Shan-He Wu (Autor), Huan-Nan Shi (Autor)
Médium: Článok
Jazyk:angličtina

MARC

LEADER 00000nab a2200000uu 4500
001 vtls011450041
003 SK-MaSNL
005 20260303151412.0
008 230222|2011 xo |||||||||||||||||eng|
015 |a SNBRB 
035 |a (urnnbn)urn:nbn:sk:snk:ar-006f4p 
035 |a (uuid)513e6069-39d8-4129-9ec0-b42f8bebfc67 
035 |a urn:nbn:sk:snk-abcmbk 
040 |a SNKBUCL  |b slo  |c SNKBUCL  |e AACR2 
041 0 |a eng 
044 |a xo  |c SK 
100 1 |a Shan-He Wu  |4 aut  |9 1170938 
245 1 0 |a A RELATION OF WEAK MAJORIZATION AND ITS APPLICATIONS TO CERTAIN INEQUALITIES FOR MEANS  |c Shan-He Wu, Huan-Nan Shi 
700 1 |a Huan-Nan Shi  |4 aut  |9 1170939 
773 0 |t Mathematica Slovaca  |g Roč. 61, č. 4 (2011), s. [561]-570 
958 |a OND 
958 |a EUIPO 
958 |a article16 
999 |c 2017544  |d 2019474